Economy in figures / (Record no. 4530)
[ view plain ]
| 000 -LEADER | |
|---|---|
| fixed length control field | 01256nas a2200361 a 4500 |
| 001 - CONTROL NUMBER | |
| control field | vtls000000677 |
| 003 - CONTROL NUMBER IDENTIFIER | |
| control field | NLI |
| 005 - DATE AND TIME OF LATEST TRANSACTION | |
| control field | 20210601180024.0 |
| 008 - FIXED-LENGTH DATA ELEMENTS--GENERAL INFORMATION | |
| fixed length control field | 101124c1980 ii au s000 0 eng |
| 039 #9 - LEVEL OF BIBLIOGRAPHIC CONTROL AND CODING DETAIL [OBSOLETE] | |
| -- | 201011242357 |
| -- | VLOAD |
| 040 ## - CATALOGING SOURCE | |
| Original cataloging agency | NLI |
| Transcribing agency | VTLS |
| 041 0# - LANGUAGE CODE | |
| Language code of text/sound track or separate title | eng |
| 044 ## - COUNTRY OF PUBLISHING/PRODUCING ENTITY CODE | |
| MARC country code | ii |
| 082 04 - DEWEY DECIMAL CLASSIFICATION NUMBER | |
| Classification number | 315.46 |
| 110 1# - MAIN ENTRY--CORPORATE NAME | |
| Corporate name or jurisdiction name as entry element | Jammu and Kashmir (India) . |
| Subordinate unit | Directorate of Evaluation & Statistics |
| 9 (RLIN) | 7864 |
| 245 10 - TITLE STATEMENT | |
| Title | Economy in figures / |
| Statement of responsibility, etc. | Planning & Development Department, Directorate of Evaluation & Statistics, Govt. of Jammu & Kashmir |
| 260 ## - PUBLICATION, DISTRIBUTION, ETC. | |
| Place of publication, distribution, etc. | Jammu & Kashmir; |
| Name of publisher, distributor, etc. | [s.n.] , |
| Date of publication, distribution, etc. | 1980 |
| 300 ## - PHYSICAL DESCRIPTION | |
| Extent | -v.; |
| Dimensions | 11 x 15 cm. |
| 310 ## - CURRENT PUBLICATION FREQUENCY | |
| Current publication frequency | Annual |
| 362 0# - DATES OF PUBLICATION AND/OR SEQUENTIAL DESIGNATION | |
| Dates of publication and/or sequential designation | (1980)- |
| 500 ## - GENERAL NOTE | |
| General note | Library has : 1980 |
| 650 #0 - SUBJECT ADDED ENTRY--TOPICAL TERM | |
| Topical term or geographic name entry element | Economic surveys |
| Geographic subdivision | India |
| -- | Jammu and Kashmir |
| 9 (RLIN) | 6624 |
| 651 #0 - SUBJECT ADDED ENTRY--GEOGRAPHIC NAME | |
| Geographic name | Jammu and Kashmir (India) |
| General subdivision | Statistics |
| 651 #0 - SUBJECT ADDED ENTRY--GEOGRAPHIC NAME | |
| Geographic name | Jammu and Kashmir (India) |
| General subdivision | Economic conditions |
| -- | Statistics |
| 9 (RLIN) | 7865 |
| 887 ## - NON-MARC INFORMATION FIELD | |
| Content of non-MARC field | Ravi |
| 901 ## - LOCAL DATA ELEMENT A, LDA (RLIN) | |
| a | IOD110958 |
| b | 03.06.1987 |
| 902 ## - LOCAL DATA ELEMENT B, LDB (RLIN) | |
| a | GP315.46 Ec74 1980 |
| 905 ## - LOCAL DATA ELEMENT E, LDE (RLIN) | |
| a | Ravi |
| 906 ## - LOCAL DATA ELEMENT F, LDF (RLIN) | |
| a | IOD746 |
| 949 ## - LOCAL PROCESSING INFORMATION (OCLC) | |
| -- | VIRTUAITEM |
| -- | 10003 |
| -- | 1 |
| -- | 100 |
| 6 | IOD000110958ENG |
| 942 ## - ADDED ENTRY ELEMENTS (KOHA) | |
| Source of classification or shelving scheme | Dewey Decimal Classification |
| Koha item type | Books |
| Withdrawn status | Lost status | Damaged status | Not for loan | Collection code | Home library | Current library | Shelving location | Date acquired | Total Checkouts | Full call number | Barcode | Date last seen | Price effective from | Koha item type |
|---|---|---|---|---|---|---|---|---|---|---|---|---|---|---|
| Government Publications | National Library of India | National Library of India | Annexe Reading Room & Stack Division | GP315.46 Ec74 1980 | IOD000110958ENG | 01/06/2021 | 01/06/2021 | Books |
